Statistiche per Riconosci il Calciatore - Quiz n°1213

Clicka qui per fare il quiz!

Statistiche generali

  • Questo quiz è stato fatto 4 volte
  • Il punteggio medio è 8 su 23

Statistiche sulle risposte

IndizioRisposta% Corretto
RuoloAttaccante
75%
Trofei per clubCampionato italiano: 1
Juventus: 2012-2013
Coppa d'Inghilterra: 1
Arsenal: 2013-2014
Coppa di Germania: 1
Wolfsburg: 2014-2015
Supercoppa di Germania: 1
Wolfsburg: 2015
Supercoppa di Norvegia: 2
Rosenborg: 2017, 2018
Campionato norvegese: 2
Rosenborg: 2017-2018, 2018-2019
Coppa di Norvegia: 1
Rosenborg: 2018-2019
75%
NazionalitàDanimarca
75%
Data di nascita16/01/1988
50%
Squadra di club 1Arsenal 2005-2006
50%
Trofei per nazionali0
25%
Gol nei club115
25%
Altezza195 cm
25%
Gol in nazionale30
25%
Presenze nei club419
25%
Presenze in nazionale81
25%
Peso85 kg
25%
Squadra di club 3Arsenal 2007-2011
25%
Squadra di club 6Arsenal 2013-2014
25%
Squadra di club 2Birmingham City 2006-2007
25%
Trofei individualiCapocannoniere dell'Eliteserien: 1
2017-2018 (19 reti)
25%
Squadra di club 10Copenaghen 2019-2020
25%
Squadra di club 5Juventus 2012-2013
25%
CalciatoreNicklas Bendtner
25%
Squadra di club 8Nottingham Forest 2016-2017
25%
Squadra di club 9Rosenborg 2017-2019
25%
Squadra di club 4Sunderland 2011-2012
25%
Squadra di club 7Wolfsburg 2014-2016
25%

Distribuzione punteggi

Percentile per numero di risposta

Percentuale di utenti per punteggio

I tuoi punteggi nel tempo

Non hai fatto questo quiz